Paroles de Paris c'est loin de Damso et Booba - Statistiques

Statistiques générales
  • Ce quiz a été pris 120 fois
  • Le résultat moyen est 303 sur 500
Statistiques - réponses
Réponse % Correct
l'
99%
par
98%
c'
96%
est
96%
Paris,
96%
d'
95%
loin
95%
loin,
95%
à
94%
a
94%
de
91%
J'
91%
j'
91%
n'
89%
en
88%
m'
87%
ici
84%
ici,
84%
La
84%
la
84%
le
82%
ma
82%
Ma
82%
pas
82%
pas.
82%
qu'
81%
ne
80%
ai
79%
des
76%
Des
76%
dès
76%
du
75%
75%
Les
74%
les
74%
mais
74%
Mais
74%
que
74%
se
74%
un
73%
un,
73%
eux,
72%
eux
72%
si
72%
pour
71%
et
69%
Ferrari,
69%
je
69%
Je
69%
me
69%
no,
68%
dans
67%
te
67%
jaloux
66%
ou
66%
Tu
66%
tu
66%
Coup
64%
Beaucoup
62%
beaucoup
62%
entre
62%
envieux,
62%
Négro
62%
problèmes,
62%
reconnaissent
62%
haine
61%
"On
61%
une
61%
ça
60%
y'
60%
y
60%
au
59%
elle,
59%
noir
59%
Noir.
59%
billets
58%
plus
58%
violets
58%
qui
56%
avec
55%
dix
55%
neuf
55%
quatre
55%
vingt
55%
chanceux,
54%
haineux
54%
mon
54%
Mon
54%
tout
54%
vie
54%
il
53%
sauf
53%
tchoin
53%
fil,
52%
poing
52%
aime
51%
blanche
51%
entraîne
51%
fait
51%
frustration
51%
Hommes,
51%
réussite
51%
sur
51%
Confond
49%
Front
49%
travailleur
49%
main,
48%
peur
48%
voeux,
48%
vu
48%
yeux
48%
yeux,
48%
c'est
47%
comme
47%
D.A.M.S.O
47%
mots,
47%
mots
47%
poitrine
47%
avait
46%
follow,
46%
jeu,
46%
Materazzi,
46%
ils
45%
kabyle
45%
like
45%
lumière,
45%
souvent
45%
bout
44%
couleurs,
44%
découvert
44%
faire
44%
flow,
44%
jamais
44%
mes
44%
nuits
44%
toutes
44%
Valérie
44%
B2O,
42%
car,
42%
Car
42%
comprends
42%
express,
42%
moteurs
42%
page
42%
rouge,
42%
sont
42%
voyais
42%
(Batterie
41%
changer
41%
cloison
41%
dangereux,
41%
femme
41%
fus
41%
Maserati,
41%
maximum
41%
nasale,
41%
ont
41%
parlait
41%
partie
41%
recharger)
41%
Faible
40%
ment
40%
parle,
40%
voir
40%
broyer
39%
fais
39%
primaire:
39%
racisme
39%
suis
39%
Badr
38%
coeur
38%
éternue
38%
feu
38%
fois
38%
peux
38%
plume
38%
porte
38%
sait
38%
Veuillez
38%
chemin
36%
connu
36%
détresse,
36%
écris,
36%
joint
36%
nez
36%
passes
36%
pourquoi
36%
quoi
36%
succès
36%
tes
36%
Amis
35%
autres,
35%
bédo,
35%
blanches
35%
fille
35%
frères
35%
Parme,
35%
spermes
35%
angoisse
34%
court,
34%
film,
34%
Hari,
34%
jambon
34%
sang,
34%
Très
34%
colère,
33%
niquer
33%
responsable
33%
Amy
32%
Biatch,
32%
conseille
32%
moins
32%
monde
32%
réseaux,
32%
seul"
32%
aimerais
31%
censure,
31%
comprendrai
31%
friment,
31%
Gradur.
31%
tôt
31%
Vulgaires
31%
début
29%
énervé
29%
quelques
29%
tel
29%
tracer
29%
voiture.
29%
voler
29%
Liberté
28%
chaque
27%
expression
27%
perds
27%
poses
26%
Whinehouse
26%
rime
25%
aiguisent
24%
efficace
24%
flingué
24%
passer
24%
cercueil,
22%
chanteront
22%
Dame
22%
déjà
22%
deux,
22%
foulard
22%
Nature,
22%
rosée,
22%
couvert
21%
étaient
21%
meurent
21%
meurs
21%
rappeur
21%
épouse,
20%
lames,
20%
négros
20%
séchée,
20%
C.R.S,
19%
douze,
19%
fumais
19%
percer
19%
Snapper
19%
insultes
16%
fumée
15%
Rate-pi
15%
souvenirs
15%
Français
14%
naissance
14%
Oncle Phil,
14%
bavures,
13%
traqué
12%
aux
11%
font
11%
humoriste
11%
texte
11%
Forces
9%
nonante
9%
ordre
9%
ratures,
9%
Solitaire
9%
voulais
9%
Liberville,
8%
résiste
8%
malette
5%
Aucun quiz correspondant
Distribution des résultats
% des personnes avec chaque résultat
Percentile par nombre de réponses
Votre historique - résultats
Vous n’avez pas pris ce quiz